000 00862nam a2200253Ia 4500
003 OSt
005 20220926030549.0
006 a|||||r|||| 00| 0
007 ta
008 220923b |||||||| |||| 00| 0 eng d
020 _a0691037140
_c1069.0899999999999
037 _b4383, 01/07/2011, RAJKIRAN BOOK AGENCY
_cGeneral Book
040 _aRTL
_cRTL
_beng
041 _2eng
_aeng
082 _aY58:3(W), N8
100 _aWILLIAMS Melissa S
_919497
245 0 _aVoice, trust and memory
_b Marginalized groups and the failings of liberal representation
260 _aPrinceton
_bPrinceton University Press
_c1998
300 _axiii, 329p
_ccm.
500 _aBibliography: P 303-18
650 _aSociology
942 _hY58:3(W), N8
_cGB
_2CC
999 _c650225
_d650225